Statistics for Second World War: The Axis

Click here to take the quiz!

General Stats

  • This quiz has been taken 101 times
  • The average score is 11 of 15

Answer Stats

Statement Answer% Correct
Leader of Nazi GermanyAdolf Hitler
100%
This nation invaded Ethiopia in 1935Italy
95%
Italy’s “Duce”Benito Mussolini
91%
Italy failed to conquer this European nationGreece
87%
Emperor of JapanEmperor Hirohito
85%
Enemy of the Soviet Union during the winter war: supplied by GermanyFinland
85%
This nation, Italy, and Germany, were all involved in the battle of Stalingrad Romania
82%
The desert fox is:Erwin Rommel
80%
German sympathizer. It boarders France (not considered an Axis power)Spain
77%
This nation helped Italy, and Germany take over Yugoslavia Bulgaria
73%
Pressured by Japan, this nation allowed Japanese troops into their boards to get to Mayala, and BurmaThailand/Siam
70%
This middle eastern nation resisted the UK, with help from Germany and Italy Iraq
63%
French facist puppet state of GermanyVichy France
63%
General of the imperial Japanese ArmyHideki Tojo
44%
The Japanese Imperial navy’s prized battle wagon Yamato
22%

Score Distribution

Percentile by Number Answered

Percent of People with Each Score

Your Score History

You have not taken this quiz